| 000 | 00646nam a22001817a 4500 | ||
|---|---|---|---|
| 003 | CEME | ||
| 005 | 20210628203237.0 | ||
| 008 | 210203b xxu||||| |||| 00| 0 eng d | ||
| 020 | _a0071410155 | ||
| 040 | _c. | ||
| 082 | _a658.562 PYZ | ||
| 100 |
_aPyzdek, Thomas _962083 |
||
| 245 | _aThe six sigma handbook , a complete guide for green belts, black belts, and managers at all levels | ||
| 260 |
_aNEW YORK _bMCGRAW HILL _c2003 |
||
| 300 | _aXVIII, 830P | ||
| 650 |
_aSIX SIGMA HANDBOOK. , SIX SIGMA IMPLEMENTATION AND MANAGEMENT. , TRAINING FOR SIX SIGMA. , SIX SIGMA PROJECTS. , SIX SIGMA TOOLS AND TECHNIQUES. _964227 |
||
| 942 |
_cBK _2ddc |
||
| 999 |
_c572795 _d572795 |
||